000 00852cam a2200277 i 4500
001 440
003 BD-RjUL
005 20211208233159.0
008 160517t1979 enka b 001 0 eng
020 _a0855012218
035 _a(BD-RjUL)457
040 _aDLC
_cDLC
_dDLC
_dBD-RjUL
_beng
041 _aeng
082 0 0 _a025.04
_223
_bTEI 1979
100 1 _aTedd, L. A.
_91371
245 1 3 _aAn introduction to computer-based library systems /
_cL. A. Tedd.
260 _aLondon:
_bHeyden,
_cc1979
300 _axiv, 208 p. :
_bill. ;
_c24 cm.
490 _aHeyden International Topics in Science
504 _aIncludes bibliographical references and indexes.
650 0 _aLibraries
_xAutomation.
_91372
650 0 _aInformation technology.
_91373
830 _aHeyden International Topics in Science
_9126923
942 _2ddc
_cBK
999 _c440
_d440